000
00308nam a2200109Ia 4500
008
220204s9999 xx 000 0 und d
082
_a
698.12
_b
GOO
100
_a
Goodier, J H
245
0
_a
Painting and decorating: A guide for houseowner and decorator
260
_a
Great Britain
_b
G Godwin
_c
1977
942
_c
BK
999
_c
31337
_d
31337